| 000 | 00975cam a22002415a 4500 | ||
|---|---|---|---|
| 001 | L157935 | ||
| 008 | 130116s2013 xxkad f 000 0 eng d | ||
| 020 | _a9781907196447 | ||
| 035 | _a(Sirsi) u157935 | ||
| 041 | 0 | _aeng | |
| 050 | 0 | 4 | _a690.24 $2 18 |
| 110 | 2 |
_aBuilding Cost Information Service _91096 |
|
| 245 | 0 | 0 | _aOccupancy costs of further education buildings |
| 260 |
_aLondon _bBCIS _c2013 |
||
| 300 |
_a102p. _c30cm. |
||
| 490 | 0 | _aBCIS Special Report | |
| 520 | _aThe report provides current occupancy benchmarks for two further education buildings. It shows projected annual occupancy costs for two schemes, which should provide a strategic benchmark for similar buildings. The data is backed up with projected annual expenditure charts and detailed estimates for individual elements and components. | ||
| 521 | _aAdvanced | ||
| 651 | 4 |
_aUnited Kingdom _y |
|
| 690 |
_aCommercial property _96227 |
||
| 690 |
_aFacilities management _96240 |
||
| 942 | _n0 | ||
| 999 |
_c115036 _d115036 |
||